<?xml version="1.0" encoding="UTF-8"?>
<collection xmlns="http://www.loc.gov/MARC21/slim">
 <record>
  <leader>06309nam a2200409 a 4500</leader>
  <controlfield tag="001">kal4424</controlfield>
  <controlfield tag="003">Gr-AtHEAL</controlfield>
  <controlfield tag="005">20160425094336.0</controlfield>
  <controlfield tag="006">m        d        </controlfield>
  <controlfield tag="008">160413s2015    gr      s           gre|c</controlfield>
  <datafield tag="020" ind1=" " ind2=" ">
   <subfield code="a">9789606034169</subfield>
  </datafield>
  <datafield tag="040" ind1=" " ind2=" ">
   <subfield code="a">GR-AtHEAL</subfield>
   <subfield code="b">gre</subfield>
   <subfield code="c">GR-AtHEAL</subfield>
  </datafield>
  <datafield tag="082" ind1="0" ind2="4">
   <subfield code="a">327.2</subfield>
   <subfield code="2">23</subfield>
  </datafield>
  <datafield tag="100" ind1="1" ind2=" ">
   <subfield code="a">Βασιλειάδης, Νικόλαος.</subfield>
   <subfield code="8">1382</subfield>
  </datafield>
  <datafield tag="245" ind1="1" ind2="0">
   <subfield code="a">Πολιτιστική διπλωματία</subfield>
   <subfield code="h">[Ηλεκτρονικός πόρος] </subfield>
   <subfield code="b">Ο πολιτισμός στην εξωτερική πολίτικη και τις διεθνείς σχέσεις</subfield>
   <subfield code="c">Βασιλειάδης, Νικόλαος ; Μπουτσιούκη, Σοφία ; Κριτικός αναγνώστης,Μπέλλου,Φωτεινή.</subfield>
  </datafield>
  <datafield tag="260" ind1=" " ind2=" ">
   <subfield code="a">Αθήνα :</subfield>
   <subfield code="b">Σύνδεσμος Ελληνικών Ακαδημαϊκών Βιβλιοθηκών,</subfield>
   <subfield code="c">c2015.</subfield>
  </datafield>
  <datafield tag="490" ind1=" " ind2=" ">
   <subfield code="a">Ακαδημαϊκά Ηλεκτρονικά Συγγράμματα και Βοηθήματα Κάλλιπος</subfield>
   <subfield code="8">40</subfield>
  </datafield>
  <datafield tag="505" ind1=" " ind2=" ">
   <subfield code="a">1. Πολιτιστική Διπλωματία. Ιστορική αναδρομή. Ορισμοί 2. Η Ελληνική Πολιτιστική Διπλωματία 3. Η Διμερής Πολιτιστική Διπλωματία 4. Η πολυμερής Πολιτιστική Διπλωματία. Διεθνείς Οργανισμοί και Διεθνείς Συλλογικές Πρωτοβουλίες 5. Η πολυμερής Πολιτιστική Διπλωματία. Το Συμβούλιο της Ευρώπης και η Ευρωπαϊκή Ένωση 6. Πολιτικές, κοινωνικές και οικονομικές διαστάσεις της Πολιτιστικής Διπλωματίας 7. Πολιτισμός και Διεθνείς Σχέσεις 8. Θρησκεία και Διεθνής Πολιτική 9. Ο πολιτισμός στην παγκόσμια πολιτική: θεωρία και πράξη 10. Ειδικά θέματα προστασίας πολιτιστικής κληρονομιάς: Πολιτιστική γενοκτονία, πολιτιστική κάθαρση και η εφαρμογή των κανόνων διεθνούς δικαίου στην περίπτωση του ISIS</subfield>
  </datafield>
  <datafield tag="520" ind1=" " ind2=" ">
   <subfield code="a">Το σύγγραμμα επιχειρεί μία ιχνηλάτηση της σημασίας της Πολιτιστικής Διπλωματίας, όπως αυτή συναρτάται με την άσκηση της ελληνικής εξωτερικής πολιτικής, στα πλαίσια των διεθνών σχέσεων και των διεθνών οργανισμών. Στο πρώτο μέρος θα αναλυθεί η έννοια της πολιτιστικής διπλωματίας και θα επιχειρηθεί η αναδίφηση της ιστορικής της εξέλιξης, καθώς και η ανάλυση του περιεχομένου και των φορέων της. Στην συνέχεια θα δοθεί ιδιαίτερη έμφαση στην Ελληνική διμερή πολιτιστική διπλωματία και πως αυτή ασκείται ( Υπ.Εξ., Υπουργείο Τουρισμού, Υπουργείο Παιδείας, Οικουμενικό Πατριαρχείο κ.ο.κ.) ενώ θα γίνει μια ενδεικτική αναφορά στην πολιτιστική διπλωματία άλλων κρατών (π.χ. Γαλλία, ΗΠΑ, Γερμανία, Ηνωμένο Βασίλειο κ.ο.κ.). Στο δεύτερο μέρος του συγγράμματος θα παρατεθεί ανάλυση που θα αφορά την πολυμερή πολιτιστική διπλωματία και τους οργανισμούς και τα φόρα στα πλαίσια των οποίων αυτή ασκείται. Θα αναδειχθεί η σχέση της πολιτιστικής διπλωματίας και της θρησκείας, ενώ, επίσης, θα ιχνηλατηθούν οι πολιτικές, οικονομικές και κοινωνικές όψεις της πολιτιστικής διπλωματίας. Επί τω τέλει, θα αναδειχθεί ο ρόλος της UNESCO, της ΕΕ και του Συμβουλίου της Ευρώπης, αλλά και άλλων θεσμών στο πεδίο αυτών όπως ο Πολιτιστικός διάλογος Ευρώπης-Ασίας(ASEM). υ Εν κατακλείδι, το προτεινόμενο σύγγραμμα θα πραγματευτεί ζητήματα που αφορούν το διεθνές περιβάλλον και τις σύγχρονες προκλήσεις, την σύγκρουση των πολιτισμών αλλά και τον διαπολιτισμικό και διαθρησκευτικό διάλογο.</subfield>
  </datafield>
  <datafield tag="650" ind1=" " ind2="0">
   <subfield code="a">Cultural diplomacy</subfield>
   <subfield code="8">2383</subfield>
  </datafield>
  <datafield tag="653" ind1=" " ind2=" ">
   <subfield code="a">Διαπολιτισμικός διάλογος</subfield>
  </datafield>
  <datafield tag="653" ind1=" " ind2=" ">
   <subfield code="a">Διαθρησκειακός διάλογος</subfield>
  </datafield>
  <datafield tag="653" ind1=" " ind2=" ">
   <subfield code="a">Ευρωπαϊκή ένωση</subfield>
  </datafield>
  <datafield tag="653" ind1=" " ind2=" ">
   <subfield code="a">Συμβούλιο της Ευρώπης</subfield>
  </datafield>
  <datafield tag="653" ind1=" " ind2=" ">
   <subfield code="a">Ουνέσκο</subfield>
  </datafield>
  <datafield tag="653" ind1=" " ind2=" ">
   <subfield code="a">Διπλωματία</subfield>
  </datafield>
  <datafield tag="653" ind1=" " ind2=" ">
   <subfield code="a">Πολιτισμός</subfield>
  </datafield>
  <datafield tag="653" ind1=" " ind2=" ">
   <subfield code="a">Πολιτικές επιστήμες</subfield>
   <subfield code="a">Εξωτερική πολιτική</subfield>
  </datafield>
  <datafield tag="653" ind1=" " ind2=" ">
   <subfield code="a">Πολιτικές επιστήμες</subfield>
   <subfield code="a">Διεθνής πολιτική</subfield>
  </datafield>
  <datafield tag="653" ind1=" " ind2=" ">
   <subfield code="a">Ανθρωπολογία (Μη φυσική)</subfield>
   <subfield code="a">Κοινωνική και πολιτισμική ανθρωπολογία</subfield>
   <subfield code="a">Πολιτισμός και τρόπος ζωής</subfield>
   <subfield code="a">Πολιτιστική πολιτική</subfield>
  </datafield>
  <datafield tag="700" ind1="1" ind2=" ">
   <subfield code="a">Μπουτσιούκη, Σοφία</subfield>
   <subfield code="e">Συγγραφέας</subfield>
   <subfield code="8">1383</subfield>
  </datafield>
  <datafield tag="700" ind1="1" ind2=" ">
   <subfield code="a">Μπέλλου, Φωτεινή</subfield>
   <subfield code="e">Κριτικός αναγνώστης</subfield>
   <subfield code="8">1384</subfield>
  </datafield>
  <datafield tag="856" ind1="4" ind2="0">
   <subfield code="u">http://hdl.handle.net/11419/4424</subfield>
   <subfield code="z">Πλήρες Κείμενο - Full text</subfield>
  </datafield>
  <datafield tag="907" ind1=" " ind2=" ">
   <subfield code="a">.b25681357</subfield>
   <subfield code="b">12-06-18</subfield>
   <subfield code="c">29-07-16</subfield>
  </datafield>
  <datafield tag="949" ind1=" " ind2=" ">
   <subfield code="0">0</subfield>
   <subfield code="1">0</subfield>
   <subfield code="2">ddc</subfield>
   <subfield code="4">0</subfield>
   <subfield code="6">327_200000000000000_ΒΑΣ</subfield>
   <subfield code="7">0</subfield>
   <subfield code="8">KALL</subfield>
   <subfield code="8">894</subfield>
   <subfield code="d">2016-04-13</subfield>
   <subfield code="r">2016-04-13</subfield>
   <subfield code="w">2016-04-13</subfield>
   <subfield code="z">327.2 ΒΑΣ</subfield>
   <subfield code="o">SEAB KALLIPOS</subfield>
  </datafield>
  <datafield tag="998" ind1=" " ind2=" ">
   <subfield code="a">80</subfield>
   <subfield code="a">01</subfield>
   <subfield code="a">02</subfield>
   <subfield code="a">03</subfield>
   <subfield code="a">04</subfield>
   <subfield code="a">05</subfield>
   <subfield code="a">06</subfield>
   <subfield code="a">07</subfield>
   <subfield code="a">08</subfield>
   <subfield code="a">09</subfield>
   <subfield code="a">10</subfield>
   <subfield code="a">11</subfield>
   <subfield code="a">12</subfield>
   <subfield code="a">13</subfield>
   <subfield code="a">14</subfield>
   <subfield code="a">15</subfield>
   <subfield code="a">16</subfield>
   <subfield code="a">17</subfield>
   <subfield code="a">18</subfield>
   <subfield code="a">19</subfield>
   <subfield code="a">20</subfield>
   <subfield code="a">21</subfield>
   <subfield code="a">22</subfield>
   <subfield code="a">23</subfield>
   <subfield code="a">24</subfield>
   <subfield code="a">25</subfield>
   <subfield code="a">26</subfield>
   <subfield code="b">25-05-17</subfield>
   <subfield code="c">m</subfield>
   <subfield code="d">z  </subfield>
   <subfield code="e">-</subfield>
   <subfield code="f">gre</subfield>
   <subfield code="g">gr </subfield>
   <subfield code="h">0</subfield>
  </datafield>
  <datafield tag="942" ind1=" " ind2=" ">
   <subfield code="2">ddc</subfield>
   <subfield code="c">KALLIPOS</subfield>
  </datafield>
 </record>
</collection>
